Revealing General Knowledge #1 - Statistics

General Stats
  • This quiz has been taken 227 times
  • The average score is 5 of 21
Answer Stats
Hint Answer % Correct
In the acronym ROYGBIV, what does I stand for? Indigo
86%
Which country occupies the highest percentage of its continent's land area? Australia
63%
Zimbabwe
49%
Which Disney Princess took her father's place as a beast's prisoner? Belle/Bell
48%
Which two African countries used to be a union named Rhodesia? Zambia
39%
Oregon
38%
Charlie Brown's dog Snoopy
35%
Which two US states have Portland as their largest city? Maine
24%
As of 2020, how many electoral votes do you need to win the USA election? 270
18%
State where the three largest cities start with the same letter Ohio
14%
Which dwarf planet is most similar in size to Pluto? Eris
13%
Who is the lead singer of Maroon 5? Adam Levine
8%
Which monkey often accompanies Dora on her missions? Boots
6%
Despite being the Mississippi River, which state is where the river meets the ocean? Louisiana
6%
Last name of the Incredibles family Parr/Par
6%
Halfway between a million and a trillion 500,000,500,000
5%
One stroke less than a par is a... Birdie
5%
Which two countries had a brief war over a soccer match? El Salvador
2%
Honduras
2%
Which FIlipino president was inaugurated in 2022? Bongbong Marcos
1%
What is the only element in the Periodic Table that begins with the letter X? Xenon
1%
No matching quizzes found
Score Distribution
Percent of People with Each Score
Percentile by Number Answered
Your Score History
You have not taken this quiz